| 000 | 00568nam a22002057a 4500 | ||
|---|---|---|---|
| 005 | 20220719145820.0 | ||
| 008 | 220719b ||||| |||| 00| 0 eng d | ||
| 040 | _cAL | ||
| 041 | _aEnglish | ||
| 082 |
_223 _a331.88097 _bGOLA |
||
| 100 |
_aArthur J Goldberg _951299 |
||
| 245 | _aAFL CIO: Labor United | ||
| 260 |
_aNew York _bMcGraw Hill Book Company _c1964 |
||
| 300 |
_axi,324 p. _bPB _c20x13.5 cm. |
||
| 650 |
_aAFL-CIO _951300 |
||
| 650 |
_aUnited States _951301 |
||
| 650 |
_aLabor unions _951302 |
||
| 700 |
_aGOLDBERG (Arthur J) _951303 |
||
| 942 |
_2ddc _cGF |
||
| 999 |
_c223984 _d223984 |
||